NGOs Capacity Building Handbook (Record no. 1136)

MARC details
000 -LEADER
fixed length control field 00462nam a22001337a 4500
008 - FIXED-LENGTH DATA ELEMENTS--GENERAL INFORMATION
fixed length control field 230613b xxu||||| |||| 00| 0 eng d
020 ## - INTERNATIONAL STANDARD BOOK NUMBER
International Standard Book Number 9789966008640
082 ## - DEWEY DECIMAL CLASSIFICATION NUMBER
Classification number 338.910
Item number CHI
100 ## - MAIN ENTRY--PERSONAL NAME
Dates associated with a name 2011
245 ## - TITLE STATEMENT
Title NGOs Capacity Building Handbook
Remainder of title A Guide to Help Strengthen the Governing Structure and Increase the Openness and Responsiveness of Local NGOs in Africa
260 ## - PUBLICATION, DISTRIBUTION, ETC. (IMPRINT)
Place of publication, distribution, etc. Nairobi
Name of publisher, distributor, etc. Repared Publishing Department
Date of publication, distribution, etc. 2011
300 ## - PHYSICAL DESCRIPTION
Extent 220 p
942 ## - ADDED ENTRY ELEMENTS (KOHA)
Source of classification or shelving scheme Dewey Decimal Classification
Koha item type Books
Holdings
Withdrawn status Lost status Source of classification or shelving scheme Damaged status Not for loan Home library Current library Date acquired Total Checkouts Full call number Barcode Date last seen Price effective from Koha item type
    Dewey Decimal Classification     Bunge Tower Library Bunge Tower Library 06/13/2023   338.910 CHI 20230011 06/13/2023 06/13/2023 Books
    Dewey Decimal Classification     Bunge Tower Library Bunge Tower Library 06/13/2023   338.910 CHI 20230010 06/13/2023 06/13/2023 Books
LIBRARY OPENING HOURS

When the Parliament is sitting: 8.00a.m - 7.00p.m or until the house adjourns
Mondays and Fridays and when the House is on Recess:  8.00a.m - 5.00p.m
Closed on Weekends and Public Holidays

Online Public Access Catalog (OPAC)
Website: http://www.parliament.go.ke
Bunge Library: https://libraryir.parliament.go.ke
Contact: library@parliament.go.ke | Tel no: (254-2)2221291 or 2848000 Ext 5043